<?xml version="1.0" encoding="UTF-8"?>
<record
    xmlns:xsi="http://www.w3.org/2001/XMLSchema-instance"
    xsi:schemaLocation="http://www.loc.gov/MARC21/slim http://www.loc.gov/standards/marcxml/schema/MARC21slim.xsd"
    xmlns="http://www.loc.gov/MARC21/slim">

  <leader>01852nab a2200313uuc4500</leader>
  <controlfield tag="001">1074614</controlfield>
  <controlfield tag="005">20240815104816.0</controlfield>
  <controlfield tag="008">080403e20071201                    spa  </controlfield>
  <datafield tag="035" ind1=" " ind2=" ">
    <subfield code="a">1074614</subfield>
  </datafield>
  <datafield tag="035" ind1=" " ind2=" ">
    <subfield code="a">(OCoLC)820396124</subfield>
  </datafield>
  <datafield tag="040" ind1=" " ind2=" ">
    <subfield code="c">comduadb</subfield>
  </datafield>
  <datafield tag="041" ind1=" " ind2=" ">
    <subfield code="a">spa</subfield>
  </datafield>
  <datafield tag="100" ind1="1" ind2="0">
    <subfield code="a">Izquieta Etlain, Jos&#xE9; Luis</subfield>
    <subfield code="4">aut</subfield>
    <subfield code="e">aut</subfield>
    <subfield code="9">576464</subfield>
  </datafield>
  <datafield tag="245" ind1="1" ind2="0">
    <subfield code="a">Administraciones p&#xFA;blicas y organizaciones de voluntariado : contenido y alcance de sus interacciones</subfield>
  </datafield>
  <datafield tag="260" ind1=" " ind2=" ">
    <subfield code="c">01-DIC-2007.</subfield>
  </datafield>
  <datafield tag="520" ind1="3" ind2=" ">
    <subfield code="a">El procesos de reestructuraci&#xF3;n del estado de bienestar provoca la redefinici&#xF3;n de las relaciones entre las administraciones p&#xFA;blicas y el tercer sector. En este proceso, las entidades de acci&#xF3;n social cobran un protagonismo creciente y se plantean nuevas formas de aproximaci&#xF3;n a las administraciones p&#xFA;blicas. La comunicaci&#xF3;n analiza el contenido y el alcance de dichas interacciones en el espacio auton&#xF3;mico y local, expone las tendencias que siguen las administraciones p&#xFA;blicas en su aproximaci&#xF3;n a las organizaciones de acci&#xF3;n social y el modo en que dichas organizaciones operan ante las administraciones. Por &#xFA;ltimo, adelantamos una valoraci&#xF3;n de las interpretaciones realizadas en los &#xFA;ltimos a&#xF1;os.</subfield>
  </datafield>
  <datafield tag="650" ind1=" " ind2=" ">
    <subfield code="a">Tercer sector</subfield>
    <subfield code="9">132465</subfield>
  </datafield>
  <datafield tag="650" ind1=" " ind2=" ">
    <subfield code="a">Estado de bienestar</subfield>
    <subfield code="9">2324</subfield>
  </datafield>
  <datafield tag="650" ind1=" " ind2=" ">
    <subfield code="a">Sector voluntario</subfield>
    <subfield code="9">99982</subfield>
  </datafield>
  <datafield tag="650" ind1=" " ind2="7">
    <subfield code="a">Estado social</subfield>
    <subfield code="z">Espa&#xF1;a</subfield>
    <subfield code="2">lemb</subfield>
    <subfield code="9">154014</subfield>
  </datafield>
  <datafield tag="650" ind1=" " ind2="7">
    <subfield code="a">Acci&#xF3;n social</subfield>
    <subfield code="2">lemb</subfield>
    <subfield code="9">37554</subfield>
  </datafield>
  <datafield tag="650" ind1=" " ind2=" ">
    <subfield code="a">Administraci&#xF3;n p&#xFA;blica - Espa&#xF1;a</subfield>
    <subfield code="9">62002</subfield>
  </datafield>
  <datafield tag="650" ind1=" " ind2="7">
    <subfield code="a">Administraci&#xF3;n p&#xFA;blica</subfield>
    <subfield code="2">lemb</subfield>
    <subfield code="9">69074</subfield>
  </datafield>
  <datafield tag="700" ind1="1" ind2="0">
    <subfield code="a">Callejo Gonzalez, Javier</subfield>
    <subfield code="4">aut</subfield>
    <subfield code="e">aut</subfield>
    <subfield code="9">458038</subfield>
  </datafield>
  <datafield tag="700" ind1="1" ind2="0">
    <subfield code="a">Prieto Lobato, Juan Mar&#xED;a</subfield>
    <subfield code="4">aut</subfield>
    <subfield code="e">aut</subfield>
    <subfield code="9">458039</subfield>
  </datafield>
  <datafield tag="700" ind1="1" ind2="0">
    <subfield code="a">Rosa Gimeno, Pablo de la</subfield>
    <subfield code="4">aut</subfield>
    <subfield code="e">aut</subfield>
    <subfield code="9">452859</subfield>
  </datafield>
  <datafield tag="773" ind1="0" ind2=" ">
    <subfield code="t">Papers : Revista de Sociolog&#xED;a (Barcelona)</subfield>
    <subfield code="g">No. 86, 2007, p. 55-71</subfield>
    <subfield code="w">467498</subfield>
    <subfield code="x">0210-2862</subfield>
    <subfield code="0">123449</subfield>
  </datafield>
  <datafield tag="942" ind1=" " ind2=" ">
    <subfield code="c">ARIMP</subfield>
  </datafield>
  <datafield tag="999" ind1=" " ind2=" ">
    <subfield code="c">456248</subfield>
    <subfield code="d">456248</subfield>
  </datafield>
</record>
